00774nac a22001937a 4500001001000000003000900010005001700019008003400036040005400070072000800124110010500132245005500237260003600292300001000328490012500338500009500463650001100558650001100569BR7704972BR-BrBNA20240105114135.0230509b bl.|||m| |||| 00| 0 por d aBR-BrBNAbporcBiblioteca Nacional de Agricultura aL731 aSecretaria de Estado da Agricultura, Curitiba, PR (Brasil). Coordenadoria de Defesa Sanitaria Animal1 aProjeto febre aftosa, agosto 1977 [Parana, Brasil]3 aCuritiba, PR (Brasil): c1977.  a20 p. aProjeto Febre Aftosa - Secretaria de Estado da Agricultura. Coordenadoria de Defesa Sanitaria Animal (Brazil)vv. 4(8)x a(*) Documento disponível na(o) Biblioteca Estadual da Agricultura, Curitiba, PR (Brazil) aAFTOSA aPARANA